000
00361nam a2200157Ia 4500
003
0STCL
008
150530s9999 xx 000 0 und d
040
_a
STCL
_c
STCL
100
_a
Paul Harvitz, M.
245
_a
Monetary policy and the financial system
260
_c
1963
546
_a
English
942
_2
ddc
_c
BK
999
_c
13564
_d
13564
005
20220125165657.0